000 00866nab a2200253 u 4500
001 15260
003 HDC
007 cr bn ---aaaaa
008 210217c20150430my dr|nes 0 a may d
040 _aHDC
100 _aFaizatul Farlin Farush Khan
_eauthor
_98222
245 0 _aKebaikan rumpai laut / oleh
_cFaizatul Farlin Farush Khan
260 _aKuala Lumpur :
_bThe New Straits Times Press (M) Bhd.,
_c2015
336 _atext
_2rdacontent
337 _acomputer
_2rdamedia
338 _aonline resource
_2rdacarrier
650 _aorganic cosmetics
_915519
650 _aseaweed industry
_99005
710 _aHarian Metro
856 _zRequest full-text at [email protected]
942 _2lcc
942 _cNEWS
942 _kNWSC 005765
999 _c12576
_d12576